000 00277nam a22001337a 4500
008 170627b xxu||||| |||| 00| 0 eng d
020 _a9780520258068
041 _aeng
080 _a94
100 _a16
101 _aSHH
245 _aDIRT
_cMONTGOMERY,D.R
942 _2udc
_cBK
999 _c19166
_d19166